God in man's experience: (Record no. 7314)

MARC details
000 -LEADER
fixed length control field 00780cam a22002651 4500
001 - CONTROL NUMBER
control field 2651297
003 - CONTROL NUMBER IDENTIFIER
control field GBCCL
005 - DATE AND TIME OF LATEST TRANSACTION
control field 20241126110625.0
008 - FIXED-LENGTH DATA ELEMENTS--GENERAL INFORMATION
fixed length control field 710408s1968 enk b 000 0 eng
010 ## -
-- 68096697
015 ## -
-- B68-05243
020 ## - INTERNATIONAL STANDARD BOOK NUMBER
International Standard Book Number 0340023643
040 ## - CATALOGING SOURCE
Original cataloging agency DLC
Transcribing agency DLC
Modifying agency DLC
050 00 -
-- BS1430.3
-- .G7 1968b
082 00 - DEWEY DECIMAL CLASSIFICATION NUMBER
Classification number 223.206
Item number GRI
100 1# - MAIN ENTRY--PERSONAL NAME
Personal name Griffith, Leonard,
Dates associated with a name 1920-
9 (RLIN) 8036
245 10 - TITLE STATEMENT
Title God in man's experience:
Remainder of title the activity of God in the Psalms,
Statement of responsibility, etc. by Leonard Griffith.
260 ## - PUBLICATION, DISTRIBUTION, ETC.
Place of publication, distribution, etc. London,
Name of publisher, distributor, etc. Hodder & Stoughton,
Date of publication, distribution, etc. 1968.
300 ## - PHYSICAL DESCRIPTION
Extent 192 p.
Dimensions 23 cm.
350 ## - PRICE (NR) (BK AM CF MU VM SE) [OBSOLETE]
Price 30/-
504 ## - BIBLIOGRAPHY, ETC. NOTE
Bibliography, etc. note Bibliographical footnotes.
630 00 - SUBJECT ADDED ENTRY--UNIFORM TITLE
Uniform title Bible.
Name of part/section of a work Psalms
General subdivision Commentaries.
9 (RLIN) 4450
906 ## - LOCAL DATA ELEMENT F, LDF (RLIN)
a 7
b cbc
c orignew
d u
e opcn
f 19
g y-gencatlg
942 ## - ADDED ENTRY ELEMENTS (KOHA)
Source of classification or shelving scheme Dewey Decimal Classification
Koha item type Books
Koha issues (borrowed), all copies 3
Holdings
Withdrawn status Lost status Source of classification or shelving scheme Damaged status Not for loan Home library Current Library Shelving location Date acquired Total checkouts Total renewals Full call number Barcode Date last seen Date last checked out Copy number Price effective from Koha item type
    Dewey Decimal Classification     GRACE BIBLE COLLEGE GRACE BIBLE COLLEGE Biblical Studies 2018-07-27 3 1 223.206 GRI 004540 2025-05-01 2024-01-29 c.1 2018-07-27 Books
© Grace Bible College Library 2025